Історія України: державницькі процеси, розвиток культури та політичні перспективи (Запис № 325792)

МАРК-запис
000 -Лідер
fixed length control field 00772nam a22002417a 4500
001 - Контрольний номер
control field 39648
003 - Ідентифікатор контрольного номера
control field UA-OsUOA
005 - Дата та час останнього входження (трансакції)
control field 20200221103623.0
007 - Фіксоване поле фізичного опису
fixed length control field ta
008 - Елементи даних фіксованої довжини – загальна інформація
fixed length control field 20060623b un ||||| |||| 00| 0 ukr d
020 ## - Міжнародний стандартний книжковий номер (ISBN)
Міжнародний стандартний книжковий номер (ISBN) (НП) 9663461136
040 ## - Джерело каталогізації
Агенція оригінальної каталогізації UA-OsUOA
Мова каталогізації ukr
Агенція, яка здійснювала перезапис UA-OsUOA
Агенція, яка здійснювала модифікацію UA-OsUOA
041 ## - Код мови
Код мови тексту/ звукової доріжки чи окремого заголовка (П) ukr
080 ## - Індекс Універсальної десяткової класифікації
Індекс Універсальної десяткової класифікації (УДК) (НП) 94(477)(075.8)
090 ## - Локальний шифр розміщення
Класифікаційний індекс УДК 94(477)(075.8)
Авторський знак (НП) П19
100 ## - Основне введення – ім’я особи
Ім’я особи (НП) Пасічник М. С.
245 ## - Відомості про назву
Назва (НП) Історія України: державницькі процеси, розвиток культури та політичні перспективи
Решта назви (НП) навч. посіб.
260 ## - Публікація, розповсюдження і т.п. (Вихідні дані)
Місце публікації, розповсюдження і т.п. (П) К.
Ім’я/ наймення видавництва, розповсюджувача і т.п. (П) Знання
Дата публікації, розповсюдження і т.п. (П) 2006
300 ## - Фізичний опис
Обсяг 735 с.
650 #7 - Додаткове предметне введення – тематичний термін
Тематичний термін чи географічна назва, як елемент введення (НП) 9 Географія. Біографії. Історія
Джерело заголовка чи терміна UDC
942 ## - Додаткові елементи входу (Коха)
Тип елемента Koha Книги
Source of classification or shelving scheme Universal Decimal Classification
955 ## - Код типу видання за змістом
Код типу видання за змістом (НП) Навчальні видання
Фонди
Стан вилучень Стан втрат Джерело класифікації або схеми стелажів Стан уражень Не для кредиту Постійне місце розташування Поточне розміщення Дата придбання Джерело придбання Вартість, звичайна ціна покупки Інвентарний номер Усього замовленно Повний номер виклику Штрих-код Дата останнього перегляду Дата останньої перевірки Ціна ефективна від Тип елемента Koha Усього утримується
    Universal Decimal Classification     ЧЗ - Читальна зала ЧЗ - Читальна зала 23/06/2006 64/2006 79.60 97057 2 94(477)(075.8) П19 97057 29/11/2024 29/11/2024 23/06/2006 Книги  
    Universal Decimal Classification     ЧЗ - Читальна зала ЧЗ - Читальна зала 23/06/2006 64/2006 79.60 97058   94(477)(075.8) П19 97058 09/02/2022   23/06/2006 Книги  
    Universal Decimal Classification     ЧЗ - Читальна зала ЧЗ - Читальна зала 23/06/2006 64/2006 79.60 97059   94(477)(075.8) П19 97059 07/02/2022   23/06/2006 Книги  
Withdrawn   Universal Decimal Classification   Not For Loan ЧЗ - Читальна зала ЧЗ - Читальна зала 23/06/2006 64/2006 79.60 97060   94(477)(075.8) П19 97060 13/07/2019   23/06/2006 Книги 1